Addresses and papers, (Record no. 21913)

MARC details
000 -LEADER
fixed length control field 00923cam a22002531 4500
001 - CONTROL NUMBER
control field e 43000018
003 - CONTROL NUMBER IDENTIFIER
control field DLC
005 - DATE AND TIME OF LATEST TRANSACTION
control field 20260227111231.0
008 - FIXED-LENGTH DATA ELEMENTS--GENERAL INFORMATION
fixed length control field 821103s1942 nyu 000 0 eng c
010 ## - LIBRARY OF CONGRESS CONTROL NUMBER
LC control number e 43000018
035 ## - SYSTEM CONTROL NUMBER
System control number (OCoLC)8919761
040 ## - CATALOGING SOURCE
Original cataloging agency U. S. Off. of educ. Library
Transcribing agency ICarbS
Modifying agency DLC
042 ## - AUTHENTICATION CODE
Authentication code premarc
050 00 - LIBRARY OF CONGRESS CALL NUMBER
Classification number LA337
Item number .C65
082 ## - DEWEY DECIMAL CLASSIFICATION NUMBER
Classification number 370.4
100 1# - MAIN ENTRY--PERSONAL NAME
Personal name Cole, Ernest Ethelbert,
Dates associated with a name 1871-
245 10 - TITLE STATEMENT
Title Addresses and papers,
Statement of responsibility, etc. by Ernest E. Cole, president of the University of the state of New York and state commissioner of education, 1940-42.
260 ## - PUBLICATION, DISTRIBUTION, ETC.
Place of publication, distribution, etc. [Albany]
Name of publisher, distributor, etc. The University of the state of New York press
Date of publication, distribution, etc. [1942]
300 ## - PHYSICAL DESCRIPTION
Extent 88 p.
Dimensions 23 cm.
490 1# - SERIES STATEMENT
Series statement University of the state of New York bulletin
Volume/sequential designation no. 1235... May 1, 1942
650 #0 - SUBJECT ADDED ENTRY--TOPICAL TERM
Topical term or geographic name entry element Education
Geographic subdivision New York (State)
650 #0 - SUBJECT ADDED ENTRY--TOPICAL TERM
Topical term or geographic name entry element Education.
810 2# - SERIES ADDED ENTRY--CORPORATE NAME
Corporate name or jurisdiction name as entry element University of the State of New York.
Title of a work Bulletin.

No items available.

Powered by Koha